000 00562nam a2200205 a 4500
999 _c8790
_d8790
001 8790
003 BD-JhCC
005 20180304081015.0
008 180304s1967 uk a|||| |||| 001 0 eng d
035 _a(BD-JhCC)8790
040 _aBD-JhCC
_dBD-JhCC
041 _aeng
082 _a530
_bNUF 1967
245 _aNuffield physics Teachers' guide /
_cNuffield Foundation
260 _aLondon :
_bPenguin Book Ltd,
_c1967
300 _avarious pages :
_bill. ;
_c20 cm.
650 _aPhysics
_vStudy and teaching
710 _aNuffield Foundation
942 _2ddc
_cBK